Most Safest States 2022 - Statistics

General Stats
  • This quiz has been taken 65 times
  • The average score is 9 of 10
Answer Stats
Safety Score Answer % Correct
64.32 Vermont
98%
62.53 Maine
96%
61.19 New Hampshire
96%
61.49 Connecticut
93%
62.48 Utah
84%
60.85 Iowa
82%
58.98 Massachusetts
82%
60.29 Hawaii
81%
64.43 Minnesota
81%
57.31 Wyoming
68%
No matching quizzes found
Score Distribution
Percent of People with Each Score
Percentile by Number Answered
Your Score History
You have not taken this quiz